| 000 | 00474nam a2200133Ia 4500 | ||
|---|---|---|---|
| 008 | 180901s9999 xx 000 0 und d | ||
| 020 | _a9780323458678 | ||
| 100 | _aBeheshti,Langsteger. | ||
| 245 |
_cMohsen Beheshti, Werner Langsteger, Alireza Rezaee.-- _aPET/CT in cancer : _ban interdisciplinary approach to individualized imaging / |
||
| 260 |
_aUSA : _bElsevier _c2018 |
||
| 300 |
_axii, 261 pages : _billustrations. |
||
| 650 | _aCancer -- Imaging. | ||
| 650 | _aOncology. | ||
| 999 |
_c358494 _d358494 |
||